| 000 | 00468nam a2200157 a 4500 | ||
|---|---|---|---|
| 001 | 000031584 | ||
| 005 | 20200930063031.0 | ||
| 008 | 110627s2002 dr 000 0 spa d | ||
| 040 |
_aDO-SdBNP _bspa _cBNPHU |
||
| 082 |
_axxxx _bU58 |
||
| 110 | 2 |
_aUniversidad Católica Santo Domingo _91478 |
|
| 245 | 1 | 0 | _aVigésimo quinta graduación ordinaria. |
| 260 |
_aSanto Domingo : _bUniversidad Católica Santo Domingo, _c2002. |
||
| 300 |
_a[46 p.] ; _c21 cm. |
||
| 049 | _aBNPD | ||
| 999 |
_c31076 _d31076 |
||